<?xml version="1.0" encoding="UTF-8"?>
<record
    xmlns:xsi="http://www.w3.org/2001/XMLSchema-instance"
    xsi:schemaLocation="http://www.loc.gov/MARC21/slim http://www.loc.gov/standards/marcxml/schema/MARC21slim.xsd"
    xmlns="http://www.loc.gov/MARC21/slim">

  <leader>01520cam a22003494a 4500</leader>
  <controlfield tag="001">12571508</controlfield>
  <controlfield tag="005">20220326193338.0</controlfield>
  <controlfield tag="008">011004s2001    fr a     bc   000 0 fre  </controlfield>
  <datafield tag="010" ind1=" " ind2=" ">
    <subfield code="a">  2002387171</subfield>
  </datafield>
  <datafield tag="020" ind1=" " ind2=" ">
    <subfield code="a">2841051277</subfield>
  </datafield>
  <datafield tag="035" ind1=" " ind2=" ">
    <subfield code="a">(FrPJT)JTL00075519</subfield>
  </datafield>
  <datafield tag="040" ind1=" " ind2=" ">
    <subfield code="a">DLC</subfield>
    <subfield code="c">DLC</subfield>
    <subfield code="d">DLC</subfield>
  </datafield>
  <datafield tag="041" ind1="0" ind2=" ">
    <subfield code="a">fre</subfield>
    <subfield code="a">eng</subfield>
  </datafield>
  <datafield tag="042" ind1=" " ind2=" ">
    <subfield code="a">pcc</subfield>
  </datafield>
  <datafield tag="082" ind1=" " ind2=" ">
    <subfield code="a">759.4</subfield>
    <subfield code="b">M622d</subfield>
  </datafield>
  <datafield tag="100" ind1="1" ind2=" ">
    <subfield code="a">Gauthier, Dominique,</subfield>
    <subfield code="d">1953-</subfield>
    <subfield code="9">4236</subfield>
  </datafield>
  <datafield tag="245" ind1="1" ind2="0">
    <subfield code="a">Dominique Gauthier.</subfield>
    <subfield code="c">Parc Saint L&#xE9;ger--Centre d'art contemporain.</subfield>
  </datafield>
  <datafield tag="260" ind1=" " ind2=" ">
    <subfield code="a">Paris :</subfield>
    <subfield code="b">Regard,</subfield>
    <subfield code="c">c2001.</subfield>
  </datafield>
  <datafield tag="300" ind1=" " ind2=" ">
    <subfield code="a">172 p. :</subfield>
    <subfield code="b">col. ill. ;</subfield>
    <subfield code="c">30 cm.</subfield>
  </datafield>
  <datafield tag="500" ind1=" " ind2=" ">
    <subfield code="a">Catalog of an exhibition held Mar. 17-May 13, 2001 at the Parc St. L&#xE9;ger, Centre d'art contemporain, Pougues-les-Eaux, France and elsewhere.</subfield>
  </datafield>
  <datafield tag="504" ind1=" " ind2=" ">
    <subfield code="a">Includes bibliographical references (p. 162-169).</subfield>
  </datafield>
  <datafield tag="505" ind1=" " ind2=" ">
    <subfield code="t">Chronologie &#xE9;tablie &#xE0; partir de 1976</subfield>
    <subfield code="t">Po&#xE9;tique de Dominique Gauthier / Yves Michaud</subfield>
    <subfield code="t">Dominique Gauthier / Fr&#xE9;d&#xE9;ric Valabr&#xE8;gue</subfield>
    <subfield code="t">S&#xE9;lecyion d`&#x153;uvres r&#xE9;alis&#xE9;es depuis 1989</subfield>
    <subfield code="t">Traduction anglaise</subfield>
    <subfield code="t">Liste des Ensembles r&#xE9;alis&#xE9;s depuis 1976</subfield>
    <subfield code="t">Biographie-Bibliographie</subfield>
  </datafield>
  <datafield tag="546" ind1=" " ind2=" ">
    <subfield code="a">French and English.</subfield>
  </datafield>
  <datafield tag="600" ind1="1" ind2="0">
    <subfield code="a">Gauthier, Dominique,</subfield>
    <subfield code="d">1953-</subfield>
    <subfield code="v">Catalogs.</subfield>
    <subfield code="9">4237</subfield>
  </datafield>
  <datafield tag="650" ind1=" " ind2=" ">
    <subfield code="a">Pintura Francesa</subfield>
    <subfield code="9">4335</subfield>
  </datafield>
  <datafield tag="650" ind1=" " ind2=" ">
    <subfield code="a">Arte Moderno</subfield>
    <subfield code="y">Siglo 20</subfield>
    <subfield code="9">3802</subfield>
  </datafield>
  <datafield tag="700" ind1=" " ind2=" ">
    <subfield code="a">Michaud, Yves</subfield>
    <subfield code="9">4336</subfield>
  </datafield>
  <datafield tag="700" ind1=" " ind2=" ">
    <subfield code="a">Valabr&#xE8;gue, Fr&#xE9;d&#xE9;ric</subfield>
    <subfield code="9">4337</subfield>
  </datafield>
  <datafield tag="710" ind1="2" ind2=" ">
    <subfield code="a">Parc Saint L&#xE9;ger--Centre d'art contemporain.</subfield>
    <subfield code="9">4238</subfield>
  </datafield>
  <datafield tag="906" ind1=" " ind2=" ">
    <subfield code="a">7</subfield>
    <subfield code="b">cbc</subfield>
    <subfield code="c">origres</subfield>
    <subfield code="d">3</subfield>
    <subfield code="e">ncip</subfield>
    <subfield code="f">20</subfield>
    <subfield code="g">y-gencatlg</subfield>
  </datafield>
  <datafield tag="999" ind1=" " ind2=" ">
    <subfield code="c">794</subfield>
    <subfield code="d">794</subfield>
  </datafield>
  <datafield tag="952" ind1=" " ind2=" ">
    <subfield code="0">0</subfield>
    <subfield code="1">0</subfield>
    <subfield code="2">ddc</subfield>
    <subfield code="4">0</subfield>
    <subfield code="7">0</subfield>
    <subfield code="a">LV</subfield>
    <subfield code="b">LV</subfield>
    <subfield code="c">Monograf&#xED;as</subfield>
    <subfield code="d">2015-11-25</subfield>
    <subfield code="l">0</subfield>
    <subfield code="o">759.4 M622d</subfield>
    <subfield code="p">000781</subfield>
    <subfield code="r">2015-11-25 00:00:00</subfield>
    <subfield code="w">2015-11-25</subfield>
    <subfield code="y">01</subfield>
  </datafield>
</record>
